| 000 | 00649mam a2200241 i 4500 | ||
|---|---|---|---|
| 001 | 4611 | ||
| 003 | BD-RjUL | ||
| 005 | 20211208233925.0 | ||
| 008 | 131223s1961 ii 00| 0 eng d | ||
| 035 | _a(OCoLC)ocm06985696 | ||
| 035 | _a(OCoLC)ocm06985696 | ||
| 035 | _a(BD-RjUL)4646 | ||
| 040 |
_aUNA _cUNA _beng _dBD-RjUL |
||
| 041 | _aeng | ||
| 082 | 0 |
_a342.54 _bANC 1961 |
|
| 100 | 1 |
_aAnand,C.L _914547 |
|
| 245 | 1 | 4 |
_aThe Constitution of India / _cby C.L Anand |
| 260 |
_aallahabade: _blaw book com., _c1961. |
||
| 300 |
_axix, 520 p. : _c23 cm. |
||
| 504 | _aincludes index | ||
| 650 | 0 |
_aConstitutional law _zIndia. _913751 |
|
| 942 |
_2ddc _cBK |
||
| 999 |
_c4611 _d4611 |
||